000 01106nam a2200277Ia 4500
003 OSt
005 20221005105549.0
006 a|||||r|||| 00| 0
007 ta
008 221004b |||||||| |||| 00| 0 hin d
020 _a9788183612593 (hbk)
_cINR 500.00
024 _a34686
037 _bBR-3116, 15/09/2017, Rajkamal Prakashan Pvt. Ltd.
_cTextual
040 _aCRL
_cCRL
_bhin
041 _2hin
_ahin
082 _aO152,1:gN, Q3
100 _aउपाध्याय, करूणाशंकर, ले.
245 0 _aआधुनिक कविता का पुनर्पाठ
246 _aĀdhunik kavitā kā punarpāṭha
260 _aनई दिल्ली
_bराधाकृष्ण प्रकाशन भारत
_c2013
300 _a303पृ0
_ccm.
650 _a हिन्दी साहित्य
650 _aहिन्दी कविता
942 _hO152,1:gN, Q3
_cTEXL
_2cc
999 _c1016180
_d1016180